000 00867pam a2200241 a 4500
001 688410
005 20251128142658.0
008 960103s1996 ilu b 000 0 eng
020 _a0844245968
_qalk. paper
020 _a0844245976
_qpbk. : alk. paper
020 _a9780844245966
_q(alk. paper)
020 _a9780844245973
_q(pbk. : alk. paper)
050 0 0 _aTA158
_b.C54 1996
082 0 0 _a602.3
_220
100 1 _aChirico, JoAnn.
245 1 0 _aOpportunities in science technician careers /
_cJoAnn Chirico ; foreword by Daneil J. Obara.
260 _aLincolnwood, Ill., USA :
_bVGM Career Horizons,
_cc1996.
300 _ax, 148 p. ;
_c21 cm.
440 0 _aVGM opportunities series
650 0 _aIndustrial technicians
_xVocational guidance.
856 4 2 _3Publisher description
_uhttp://www.loc.gov/catdir/description/mh041/96001248.html
942 _2lcc
_cBK
_n0
999 _c8414
_d8414